| 000 | 00579 a2200217 4500 | ||
|---|---|---|---|
| 999 |
_c12113 _d12113 |
||
| 003 | OSt | ||
| 005 | 20231117145021.0 | ||
| 008 | 231117b ||||| |||| 00| 0 eng d | ||
| 020 | _a9780500021347 | ||
| 040 | _aBMSCA | ||
| 041 | _aeng | ||
| 082 |
_a741.6 _bADA |
||
| 100 | _aADAMS SEAN | ||
| 245 |
_aThe Field Guide to Supergraphics _b Graphics in the Urban Environment /anglais |
||
| 260 |
_bTHAMES HUDSON, _c2018. _aLondon: |
||
| 300 |
_aXV,384p.: _c13cm. |
||
| 650 | _2Mural painting and decoration | ||
| 650 | _2Commercial art | ||
| 650 | _2Graphic arts | ||
| 942 | _2ddc | ||